| 000 | 01217cab a2200205 4500 | ||
|---|---|---|---|
| 001 | ##L134954 | ||
| 008 | 060913n2006 000 0 eng u | ||
| 035 | _a(Sirsi) u134954 | ||
| 041 | 0 | _aeng | |
| 050 | 0 | 4 | _a696.9 $2 18 |
| 110 | 2 |
_aRoyal Institution of Chartered Surveyors _bEducation Trust _947 |
|
| 245 | 0 | 4 | _aThe role of surveyors in reducing carbon emissions in office stock |
| 260 |
_aLondon _bRICS _c2006 |
||
| 520 | _aA FIG delegation article summarising the results of research commissioned for the RICS Education Trust's Golden Jubilee in 2005 which examined ways in which surveyors can assist in reducing carbon emissions. The research focusses on Melbourne and examines the effect on carbon emissions of various scenarios over a 15 year period. Also discusses the best way to introduce a city-wide approach to reducing carbon emissions (see also L134955 for a summary of the report and L134956 for the full report). | ||
| 590 | _aIKA190906 | ||
| 651 | 4 | _aMELBOURNE | |
| 690 | _aENVIRONMENTAL AND LAND CONSULTANCY-ENERGY-ENERGY USE-ENERGY EFFICIENCY | ||
| 856 | 4 | 0 |
_uhttps://www.rics.org/RICSWEB/getpage.aspx?p=PVOpQPvYlEi7fpCx3ZnUpQ _zView the report free of charge at www.rics.org... |
| 942 | _n0 | ||
| 999 |
_c105860 _d105860 |
||